11 All-Time de l'Equipe du Brésil - Statistiques

Statistiques générales
  • Ce quiz a été pris 452 fois
  • Le résultat moyen est 9 sur 16
Statistiques - réponses
Poste Années Réponse % Correct
Buteur 1994-2011 Ronaldo Nazario
94%
Remplaçant (Ailier Gauche) 2010- Neymar Junior
91%
Ailier Gauche 1999-2013 Ronaldinho Gaucho
91%
Défenseur Gauche 1992-2006 Roberto Carlos
89%
Second Attaquant 1957-1971 Pelé
82%
Défenseur Droit 1990-2006 Marcos Cafu
81%
Remplaçant (Défenseur Central) 2008-2022 Thiago Silva
80%
Buteur 1987-2005 Romario
47%
Milieu de terrain 1976-1986 Zico
47%
Remplaçant (Milieu Offensif) 1979-1986 Socrates
46%
Défenseur Central/Droit 1964-1977 Carlos Alberto
41%
Défenseur Central 2000-2011 Lucio
40%
Gardien 1988-1998 Claudio Taffarel
26%
Milieu de terrain 1987-1998 Dunga
20%
Sélectionneur 1967-1974/1994-1998 Mario Zagallo
12%
Remplaçant (Gardien) 1999-2005 Marcos
4%
Aucun quiz correspondant
Distribution des résultats
% des personnes avec chaque résultat
Percentile par nombre de réponses
Votre historique - résultats
Vous n’avez pas pris ce quiz